Statistics for Modern-Day Countries That Gained Independence from Russia

Click here to take the quiz!

General Stats

  • This quiz has been taken 145 times
  • The average score is 15 of 16

Answer Stats

DateFrom WhoAnswer% Correct
4 May 1990Soviet UnionLatvia
100%
25 August 1991Soviet UnionBelarus
99%
20 August 1991Soviet UnionEstonia
99%
11 March 1990Soviet UnionLithuania
99%
16 December 1991Soviet UnionKazakhstan
98%
24 August 1991Soviet UnionUkraine
98%
21 September 1991Soviet UnionArmenia
96%
6 December 1917Russian EmpireFinland
96%
9 April 1991Soviet UnionGeorgia
96%
31 August 1991Soviet UnionKyrgyzstan
96%
9 September 1991Soviet UnionTajikistan
96%
27 October 1991Soviet UnionTurkmenistan
95%
31 August 1991Soviet UnionUzbekistan
95%
18 October 1991Soviet UnionAzerbaijan
94%
27 August 1991Soviet UnionMoldova
93%
9 September 1948Soviet UnionNorth Korea
55%

Score Distribution

Percentile by Number Answered

Percent of People with Each Score

Your Score History

You have not taken this quiz